000 00607nam a2200229Ia 4500
003 OSt
005 20221005121346.0
006 a|||||r|||| 00| 0
007 ta
008 221004b |||||||| |||| 00| 0 mar d
024 _a59635
037 _cTextual
040 _aCRL
_cCRL
_bmar
041 _2mar
_amar
082 _aO155,2NTE,1, 33L5
100 _aTendulkar Vijaya Au.
_9225701
245 0 _aHakki harutide nodidira
260 _c1975
650 _aMARATHI LITERATURE
_938000
942 _hO155,2NTE,1, 33L5
_cTEXL
_2cc
999 _c1040896
_d1040896